Traditional ceremonies of Amandebele / (Record no. 677)
[ view plain ]
| 000 -LEADER | |
|---|---|
| fixed length control field | 00926cam a2200301 a 4500 |
| 001 - CONTROL NUMBER | |
| control field | 12614945 |
| 003 - CONTROL NUMBER IDENTIFIER | |
| control field | GZU |
| 005 - DATE AND TIME OF LATEST TRANSACTION | |
| control field | 20200910105434.0 |
| 008 - FIXED-LENGTH DATA ELEMENTS--GENERAL INFORMATION | |
| fixed length control field | 010928s2001 rh a b 000 0 eng |
| 010 ## - LIBRARY OF CONGRESS CONTROL NUMBER | |
| LC control number | 2001311531 |
| 020 ## - INTERNATIONAL STANDARD BOOK NUMBER | |
| International Standard Book Number | 0869227629 |
| 035 ## - SYSTEM CONTROL NUMBER | |
| System control number | (DLC) 2001311531 |
| 040 ## - CATALOGING SOURCE | |
| Original cataloging agency | DLC |
| Transcribing agency | DLC |
| 041 0# - LANGUAGE CODE | |
| Language code of text/sound track or separate title | engnde |
| 042 ## - AUTHENTICATION CODE | |
| Authentication code | lcode |
| 043 ## - GEOGRAPHIC AREA CODE | |
| Geographic area code | f-rh--- |
| 050 00 - LIBRARY OF CONGRESS CALL NUMBER | |
| Classification number | DT2913.N44 |
| Item number | N94 2001 |
| 100 1# - MAIN ENTRY--PERSONAL NAME | |
| Personal name | Nyathi, Pathisa, |
| Dates associated with a name | 1951- |
| 245 10 - TITLE STATEMENT | |
| Title | Traditional ceremonies of Amandebele / |
| Statement of responsibility, etc. | Pathisa Nyathi. |
| 260 ## - PUBLICATION, DISTRIBUTION, ETC. | |
| Place of publication, distribution, etc. | Gweru, Zimbabwe : |
| Name of publisher, distributor, etc. | Mambo Press, |
| Date of publication, distribution, etc. | 2001. |
| 300 ## - PHYSICAL DESCRIPTION | |
| Extent | xiv, 170 p. : |
| Other physical details | ill. ; |
| Dimensions | 21 cm. |
| 504 ## - BIBLIOGRAPHY, ETC. NOTE | |
| Bibliography, etc. note | Includes bibliographical references (p. 169-170). |
| 546 ## - LANGUAGE NOTE | |
| Language note | In English, with some Ndebele. |
| 650 #0 - SUBJECT ADDED ENTRY--TOPICAL TERM | |
| Topical term or geographic name entry element | Ndebele (African people) |
| General subdivision | Rites and ceremonies. |
| 906 ## - LOCAL DATA ELEMENT F, LDF (RLIN) | |
| a | 7 |
| b | cbc |
| c | origode |
| d | 3 |
| e | ncip |
| f | 20 |
| g | y-gencatlg |
| 942 ## - ADDED ENTRY ELEMENTS (KOHA) | |
| Source of classification or shelving scheme | Library of Congress Classification |
| Koha item type | Books |
| Classification part | 913 |
| Item part | NYA |
| Call number prefix | DT |
| Withdrawn status | Lost status | Damaged status | Not for loan | Collection code | Home library | Current library | Shelving location | Date acquired | Total Checkouts | Full call number | Barcode | Date last seen | Copy number | Price effective from | Koha item type | Source of acquisition | Inventory number |
|---|---|---|---|---|---|---|---|---|---|---|---|---|---|---|---|---|---|
| Non-fiction | City Campus Library | City Campus Library | General Stacks | 12/19/2005 | DT 913 NYA 2001 | 013801 | 09/10/2020 | C-1 | 09/10/2020 | Books | |||||||
| Non-fiction | City Campus Library | City Campus Library | General Stacks | 09/14/2020 | DT913 NYA 2001 | b017124 | 09/14/2020 | c.2 | 09/14/2020 | Books | purchase | 8930 |